Biblioteca

Evangelio de San Lucas (Registro nro. 64411)

Detalles MARC
000 -LÍDER
Campo fijo de descripción fija 01359nam a22003254i 4500
001 - NÚMERO DE CONTROL
Campo de control 768714001
003 - IDENTIFICADOR DEL NÚMERO DE CONTROL
Campo de control CO-MdFUSB
005 - FECHA Y HORA DE LA ULTIMA TRANSACCIÓN
control field 20180821065114.0
008 - ELEMENTOS DE LONGITUD FIJA -- INFORMACIÓN GENERAL
Campo fijo de descripción fija -- Información general 180818t1965 sp ||||| |||| 00| 0 spa d
020 ## - NÚMERO INTERNACIONAL NORMALIZADO PARA LIBROS
Número Internacional Normalizado del libro 8429310479
040 ## - FUENTE DE CATALOGACIÓN
Agencia de catalogación original CO-MdFUSB
Idioma de catalogación spa
Agencia que realiza la transcripción CO-MdFUSB
Agencia que realiza la modificación CO-MdFUSBC
Convenciones de la descripción rda
041 ## - CÓDIGO DE IDIOMA
Código de idioma para texto/pista de sonido o título separado spa
082 ## - NÚMERO DE CLASIFICACIÓN DECIMAL DEWEY
Número de la edición del Dewey 23
Número de clasificación 226.407
Clave de autor-Numero de item ST933
100 ## - ASIENTO PRINCIPAL--NOMBRE PERSONAL
Nombre personal Stuhlmueller, Carroll, C.P.
Término relacionador autor
240 ## - TITULO UNIFORME
Título uniforme <a href="New Testament Reading Guide : the Gospel of Saint Luke">New Testament Reading Guide : the Gospel of Saint Luke</a>
245 ## - TÍTULO
Título del Material Evangelio de San Lucas
Mención de responsabilidad, etc. / Carroll Stuhlmuller
250 ## - MENCIÓN DE EDICIÓN
Mención de edición Segunda edición
264 #1 - PRODUCCIÓN, PUBLICACIÓN, DISTRIBUCIÓN, MANUFACTURA, Y COPYRIGHT
Lugar de producción, publicación, distribución, manufactura Santander, España :
Nombre del productor, publicador, distribuidor Sal Terrae,
Fecha de producción, publicación, distribución, manufactura, o copyright ℗[1965]
264 #4 - PRODUCCIÓN, PUBLICACIÓN, DISTRIBUCIÓN, MANUFACTURA, Y COPYRIGHT
Fecha de producción, publicación, distribución, manufactura, o copyright ©1965
300 ## - DESCRIPCIÓN FÍSICA
Extensión 192 páginas
Dimensiones ; 17 cm
336 ## - TIPO DE CONTENIDO
Fuente rdacontent
Término de tipo de contenido texto
Código de tipo de contenido txt
337 ## - TIPO DE MEDIO
Fuente rdamedia
Nombre del tipo de medio sin mediación
Código del tipo de medio n
338 ## - TIPO DE SOPORTE
Fuente rdacarrier
Nombre del tipo de soporte volumen
Código Tipo de soporte nc
490 1# - MENCIÓN DE SERIE
Mención de serie Conoce la Biblia : Nuevo Testamento
505 ## - NOTA DE CONTENIDO
Título Introducción. --
-- Prólogo. --
-- Parte l. Narración de la infancia. --
-- Parte ll. Preparación para el ministerio público. --
-- Parte lll. Ministerio en Galilea. --
-- Parte Vl. Camino de Jerusalén. --
-- V. Ministerio de Jesús en Jerusalén. --
-- Vl. Pasión y glorificación de Jesús. --
-- Abreviaturas. --
-- Notas para el repaso y materias de discusión.
563 ## - NOTA DE ENCUADERNACIÓN
Nota de encuadernación Tapa rústica
630 07 - TITULO UNIFORME
Título uniforme Biblia.
Subdivisión de forma Lucas
830 ## - PUNTO DE ACCESO ADICIONAL DE SERIE - TÍTULO UNIFORME
Título uniforme Conoce la Biblia : Nuevo Testamento
Designación de volumen o secuencia No. 3
942 ## - TIPO DE MATERIAL (KOHA)
Tipo de Item KOHA Libros General
Existencias
Estado de Material Estado de Perdido Forma de Clasificación Estado de Dañado No para Préstamo Colección Biblioteca de Origen Biblioteca Permanente Fecha de Adquisición Total de Préstamos Signatura Topográfica Código de Barras Última vez visto Ejemplar/Existencia Fecha de Remplazo Tipo de Material
    Dewey Decimal Classification     Colección General Biblioteca FUSBC Biblioteca FUSBC 21/08/2018   G 226.407 ST933e 13229 31/05/2025 Ej. 1 21/08/2018 Libros General

Biblioteca FUSBC | Teléfono: (57+4) 349 88 10 Ext. 141| WhatsApp (+57) 3005338115 
E-mail: biblioteca@unisbc.edu.co | Calle 76 87-14 Robledo Palenque, Medellín, Colombia

Con tecnología Koha